80 Most Famous Cities in Australia on a Map - Statistics

General Stats
  • This quiz has been taken 193 times
  • The average score is 32 of 80
Answers on the Map
Answers color-coded by a green-red scale on the quiz's map according to % correct below.
 
Answer Stats
Wiki Monthly Views Cityquiz Mention Rate Population Answers % Correct
282.25K 74.29% 4698.66K Sydney
97%
131.47K 44.21% 2287.90K Brisbane
96%
129.14K 57.85% 2043.76K Perth
96%
228.94K 61.11% 4585.54K Melbourne
94%
101.83K 40.99% 1245.01K Adelaide
93%
59.22K 39.13% 122.21K Darwin
92%
163.81K 57.66% 490.18K Canberra
89%
65.06K 25.80% 671.39K Gold Coast
89%
45.36K 27.01% 197.45K Hobart
89%
42.81K 25.84% 24.86K Alice Springs
82%
38.12K 17.86% 153.18K Cairns
76%
24.80K 31.51% 348.54K Newcastle
76%
20.37K 11.34% 280.15K Wollongong
75%
12.21K - 284.13K Sunshine Coast
71%
21.32K 13.83% 173.72K Townsville
68%
16.62K 10.35% 180.24K Geelong
62%
13.89K 7.89% 80.94K Launceston
57%
5.64K - 325.26K Central Coast/Gosford
53%
14.36K 6.63% 108.40K Toowoomba
53%
12.91K 5.81% 100.65K Bendigo
49%
10.06K 6.25% 63.15K Rockhampton
48%
16.75K 5.76% 105.35K Ballarat
46%
13.63K 7.12% 49.69K Wagga Wagga
46%
11.78K 3.80% 29.07K Kalgoorlie
45%
8.35K 3.70% 17.94K Mount Isa
44%
8.66K 5.15% 80.46K Mackay
42%
9.00K 9.84% 31.13K Albany
41%
7.72K 5.19% 91.52K Albury
40%
13.33K 6.34% 14.66K Broome
40%
7.00K 3.95% 38.05K Mildura
38%
6.41K 4.19% 75.20K Bunbury
37%
7.52K 3.51% 52.37K Bundaberg
37%
12.12K 4.31% 17.46K Broken Hill
35%
9.19K 4.29% 51.07K Coffs Harbour
35%
6.14K 2.66% 26.73K Mount Gambier
35%
6.94K 2.89% 15.30K Port Hedland
35%
7.84K 3.80% 32.72K Geraldton
34%
7.70K 4.03% 47.79K Port Macquarie
34%
7.22K 4.58% 38.78K Dubbo
33%
8.04K 7.05% 40.13K Orange
33%
8.04K 4.07% 36.23K Bathurst
32%
4.13K 2.90% 24.59K Devonport
32%
4.42K 2.72% 14.40K Port Lincoln
32%
6.38K 2.48% 10.22K Esperance
31%
5.21K 5.41% 232.93K Ipswich
31%
6.72K 2.91% 35.42K Tamworth
31%
14.53K 3.29% 9.25K Fremantle
30%
5.43K 1.72% 57.72K Hervey Bay
30%
5.68K 3.36% 12.79K Port Augusta
30%
5.62K 2.57% 50.08K Shepparton
28%
26.63K 3.97% 1.44K Coober Pedy
27%
27.34K 4.34% 10.54K Byron Bay
26%
7.00K 2.36% 1.36K Flying Fish Cove
25%
5.35K 3.30% 5.98K Katherine
25%
4.42K 2.42% 63.72K Tweed Heads
25%
4.64K 1.58% 17.01K Karratha
24%
8.17K - 30.21K Parramatta
24%
7.86K 1.85% 4.62K Port Douglas
24%
5.21K 2.37% 34.70K Gladstone
23%
6.03K 2.46% 32.89K Warrnambool
23%
5.96K 1.83% 27.92K Lismore
22%
4.57K 2.38% 37.51K Queanbeyan
22%
5.75K 1.49% 1.80K Cooktown
21%
18.54K - 8.26K Katoomba/Blue Mountains
21%
4.19K 1.97% 17.97K Penrith
21%
5.13K 2.02% 23.96K Goulburn
20%
3.71K 14.35% 0.34K Kingston
20%
6.15K 1.87% 21.31K Armidale
18%
4.65K 0.85% 4.52K Kununurra
18%
4.66K 1.80% 107.64K Mandurah
18%
5.36K 1.46% 20.80K Griffith
17%
5.86K - 0.13K Jervis Bay
17%
4.17K 1.37% 19.71K Wangaratta
16%
3.79K 1.66% 0.15K West Island
16%
4.67K 1.88% 20.42K Echuca
14%
4.42K - 50.96K Blacktown
13%
2.06K 0.42% 0.18K Burnt Pine
11%
7.32K 0.70% 12.08K Dalby
11%
5.53K - 3.59K Mullumbimby
10%
6.64K 0.46% 0.50K Nimbin
10%
No matching quizzes found
Score Distribution
Percent of People with Each Score
Percentile by Number Answered
Your Score History
You have not taken this quiz